MARC details
| 000 -LEADER |
| fixed length control field |
02397nam a22003617a 4500 |
| 001 - CONTROL NUMBER |
| control field |
102458 |
| 003 - CONTROL NUMBER IDENTIFIER |
| control field |
KnowledgeUnlatched |
| 005 - DATE AND TIME OF LATEST TRANSACTION |
| control field |
20210303105213.0 |
| 006 - FIXED-LENGTH DATA ELEMENTS--ADDITIONAL MATERIAL CHARACTERISTICS |
| fixed length control field |
m o d |
| 007 - PHYSICAL DESCRIPTION FIXED FIELD--GENERAL INFORMATION |
| fixed length control field |
cr u|||||||||| |
| 008 - FIXED-LENGTH DATA ELEMENTS--GENERAL INFORMATION |
| fixed length control field |
210129p20092019enk o u00| u eng d |
| 037 ## - SOURCE OF ACQUISITION |
| Institution to which field applies |
BiblioBoard |
| 020 ## - INTERNATIONAL STANDARD BOOK NUMBER |
| International Standard Book Number |
9781843392316 |
| 029 1# - OTHER SYSTEM CONTROL NUMBER (OCLC) |
| OCLC library identifier |
https://library.biblioboard.com/ext/api/media/64714e10-661c-4b97-87dd-c3638fabc875/assets/thumbnail.jpg |
| 040 ## - CATALOGING SOURCE |
| Original cataloging agency |
ScCtBLL |
| Transcribing agency |
ScCtBLL |
| 245 00 - TITLE STATEMENT |
| Title |
FISH Handbook for Biological Wastewater Treatment |
| Statement of responsibility, etc. |
Per Nielsen, Holger Daims. |
| 264 #1 - PRODUCTION, PUBLICATION, DISTRIBUTION, MANUFACTURE, AND COPYRIGHT NOTICE |
| Name of producer, publisher, distributor, manufacturer |
IWA Publishing, |
| 300 ## - PHYSICAL DESCRIPTION |
| Extent |
1 online resource (139 p.) |
| 506 0# - RESTRICTIONS ON ACCESS NOTE |
| Terms governing access |
Access copy available to the general public. |
| Standardized terminology for access restriction |
Unrestricted |
| Source of term |
star |
| 520 ## - SUMMARY, ETC. |
| Summary, etc. |
The FISH Handbook for Biological Wastewater Treatment provides all the required information for the user to be able to identify and quantify important microorganisms in activated sludge and biofilms by using fluorescence in situ hybridization (FISH) and epifluorescence microscopy. It has for some years been clear that most microorganisms in biological wastewater systems cannot be reliably identified and quantified by conventional microscopy or by traditional culture-dependent methods such as plate counts. Therefore, molecular biological methods are vital and must be introduced instead of, or in addition to, conventional methods. At present, FISH is the most widely used and best tested of these methods. This handbook presents all relevant information from the literature and, based on the extensive experience of the authors, advice and recommendations are given for reliable FISH identification and quantification. |
| 588 0# - SOURCE OF DESCRIPTION NOTE |
| Source of description note |
Description based on print version record. |
| 590 ## - LOCAL NOTE (RLIN) |
| Local note |
KU Select 2018: STEM Backlist Books |
| 650 #7 - SUBJECT ADDED ENTRY--TOPICAL TERM |
| Topical term or geographic name entry element |
Science / Environmental Science (see Also Chemistry / Environmental) |
| Source of heading or term |
bisacsh |
| 650 #0 - SUBJECT ADDED ENTRY--TOPICAL TERM |
| Topical term or geographic name entry element |
Science |
| 655 #0 - INDEX TERM--GENRE/FORM |
| Genre/form data or focus term |
Electronic books. |
| 700 1# - ADDED ENTRY--PERSONAL NAME |
| Personal name |
Nielsen, Per |
| Relator term |
editor. |
| 700 1# - ADDED ENTRY--PERSONAL NAME |
| Personal name |
Daims, Holger |
| Relator term |
editor. |
| 758 ## - |
| -- |
Is found in: |
| -- |
Knowledge Unlatched |
| -- |
https://openresearchlibrary.org/module/2774bc74-146a-484f-a7ba-ab1d6a09bbfb |
| 856 40 - ELECTRONIC LOCATION AND ACCESS |
| Uniform Resource Identifier |
<a href="https://openresearchlibrary.org/content/64714e10-661c-4b97-87dd-c3638fabc875">https://openresearchlibrary.org/content/64714e10-661c-4b97-87dd-c3638fabc875</a> |
| Public note |
View this content on Open Research Library. |
| -- |
0 |